| 000 | 01224nam a22003737a 4500 | ||
|---|---|---|---|
| 001 | 0002248 | ||
| 003 | KOHA_MİRAKIL | ||
| 005 | 20260207001308.0 | ||
| 007 | ta | ||
| 008 | 090223b2004 tu |||gr||||#||||0|tur | | ||
| 020 | _a9753162588 | ||
| 040 |
_aTR-BiSEU _btur _cTR-BiSEU _erda |
||
| 041 | 0 | _atur | |
| 044 | _ctu | ||
| 050 |
_aTK7895.M55 _bG86 2004 |
||
| 100 | 1 | _aGümüşkaya, Halûk. | |
| 245 | 1 |
_aHerkes için mikroişlemciler ve bilgisayarlar : _bIntel ailesi ve IBM PC/ _cHalûk Gümüşkaya ; Halûk Gümüşkaya. |
|
| 250 | _aGöz. geç. 3. bs. | ||
| 264 | 1 |
_aİstanbul : _bAlfa Yayınları _c2004 |
|
| 300 | _aXXIV, 430 sayfa: resimli; 25 cm. | ||
| 336 |
_ametin _btxt _2rdacontent |
||
| 337 |
_aaracısız _bn _2rdamedia |
||
| 338 |
_acilt _bnc _2rdacarrier |
||
| 490 | 1 |
_aAlfa yayınları ; _v604. |
|
| 490 | 1 |
_aBilgisayar dizisi ; _v146 |
|
| 500 | _aKaynakça ve dizin var. | ||
| 500 | _aKapakta bs.: Göz. geç. 4. bs. | ||
| 500 | _aKapakta adı: Mikroişlemciler ve bilgisayarlar. | ||
| 650 | 0 |
_aMikroişlemciler. _92133 |
|
| 650 | 0 |
_aIntel 8XXX dizi mikroişlemciler. _94171 |
|
| 830 | 1 |
_aAlfa yayınları ; _v604. _93219 |
|
| 830 | 1 |
_aBilgisayar dizisi ; _v146 _92723 |
|
| 942 |
_2lcc _cBK |
||
| 999 |
_c2235 _d2235 |
||